000 00782nam a22002657a 4500
001 BR9405447
003 BR-BrBNA
005 20230928094318.0
007 ta
008 230509b bl.||||| |||| 00| 0 por d
040 _aBR-BrBNA
_bpor
_cBiblioteca Nacional de Agricultura
041 _a(Por)
072 _aD10; E14
090 _ D10 BR9405447
110 1 _aSecretaria de Coordenacao e Planejamento, Sao Luis, MA (Brasil)
_98719
245 1 _aPrograma de apoio ao pequeno produtor rural. V. 5 administracao do programa
260 3 _aSao Luis, MA (Brasil):
_c1980.
300 _a77 p.
650 _aProjeto de Desenvolvimento
650 _aDesenvolvimento Rural
650 _aAdministracao
650 _aMaranhao
909 _a202309
_bLucia
_c55
_dLucia Elande
942 _cBK
999 _c49999
_d49999